Finančné deriváty pre každého?
Guardado en:
| Autor principal: | |
|---|---|
| Otros Autores: | , , |
| Formato: | Libro |
| Lenguaje: | eslovaco |
| Publicado: |
Modra
Servisia
2011
|
| Materias: | |
| Etiquetas: |
Sin Etiquetas, Sea el primero en etiquetar este registro!
|
MARC
| LEADER | 00000nam a2200000 4500 | ||
|---|---|---|---|
| 001 | 0147174 | ||
| 005 | 20221207093509.8 | ||
| 020 | |a 978-80-970835-4-0 | ||
| 041 | 0 | |a slo | |
| 044 | |a SK | ||
| 245 | 1 | 0 | |a Finančné deriváty pre každého? |c Ivan Poliačik |
| 264 | 1 | |a Modra |b Servisia |c 2011 | |
| 300 | |a 93 s. | ||
| 610 | 2 | 0 | |a deriváty |
| 610 | 2 | 0 | |a trh finančný |
| 610 | 2 | 0 | |a obchody termínové |
| 100 | 1 | |a Poliačik, Ivan | |
| 700 | 1 | |a Kišac, Martin | |
| 700 | 1 | |a Fogaš, Slavomír | |
| 700 | 1 | |a Baláž, Peter | |